Kvantitatívne hodnotenie zmien ultraštruktúry myokardu v priebehu adaptácie srdca králika na objemové preťaženie

Podrobná bibliografia
Hlavní autori: Lukáčiková, Edita (Autor), Fízeľ, Atanáz (Autor), Fízeľová, Alžbeta (Autor)
Médium: Článok
Jazyk:slovenčina
Fyzický popis:Obr. 6. Tb. 4. Res. rus., angl., lit. 29 zázn. v slov., angl.
Predmet:

MARC

LEADER 00000nab a2200000 a 4500
001 vtls000389214
003 SK-MaSNL
005 20260304082245.0
008 250424c1990 xo 0 slo
015 |a SNBRB19rr/mm-uuuuu 
035 |a CL0389338 
035 |a urn:nbn:sk:snk-abbkrn 
035 |a (urnnbn)urn:nbn:sk:snk:ar-0019l6 
035 |a (uuid)d45c1ef9-6e7c-4cea-8808-f10ec0ea7601 
040 |a SNKBUCL  |b slo  |c SNKBUCL  |e AACR2 
041 0 |a slo 
044 |a xo  |c SK 
080 |a 612.176  |2 1981 
100 1 |a Lukáčiková, Edita  |4 aut  |9 970518 
245 1 0 |a Kvantitatívne hodnotenie zmien ultraštruktúry myokardu v priebehu adaptácie srdca králika na objemové preťaženie  |c Edita Lukáčiková, Atanáz Fízeľ, Alžbeta Fízeľová 
300 |b Obr. 6. Tb. 4. Res. rus., angl., lit. 29 zázn. v slov., angl. 
650 0 7 |a myokard  |2 snkbucl  |9 14737 
655 7 |a články z novín a časopisov  |2 snkbucl  |9 267496 
700 1 |a Fízeľ, Atanáz  |4 aut  |9 5318 
700 1 |a Fízeľová, Alžbeta  |4 aut  |9 381719 
773 0 |t Biológia  |g Roč. 45, č. 3 (1990), s. 169-184 
850 |a Slovenská národná knižnica 
852 |a Slovenská národná knižnica 
954 |a odborná, vedecká literatúra pôvodná (slovenská)  |2 lita 
958 |a article15 
958 |a OND 
958 |a NB 
958 |a RK 
958 |a MI 
958 |a EUIPO 
992 |a RBX 
999 |c 2794973  |d 2796903